000 00246nam a2200097Ia 4500
001 1250410
005 20251031150855.0
008 251031s9999 xx 000 0 und d
245 0 _cYASİN ŞEN
_aE-4 SOHBET MEDENİYETİ
260 _bERDEM YAYINLARI
999 _c1250410
_d1250410